Vine a descobrir el Palau Güell : i fes-ho en família i fes-ho en família
Descripción Física:
1 llibreta enquadernada ; 11 x 14 cm
Materias:
Llibretes
Idioma:
Catalán
MARC
| LEADER | 00000nrm a22000007a 4500 | ||
|---|---|---|---|
| 001 | 27664 | ||
| 003 | Arxiu | ||
| 005 | 20260324181512.0 | ||
| 008 | 230404b spa||||| |||| 00| 0 cat d | ||
| 040 | |a agdb |b cat | ||
| 110 | 2 | |9 17034 |a Palau Güell (Barcelona) | |
| 245 | |a Vine a descobrir el Palau Güell : |b i fes-ho en família | ||
| 260 | |a [Barcelona : |b Palau Güell ; |c 202?] | ||
| 300 | |a 1 llibreta enquadernada ; |c 11 x 14 cm | ||
| 500 | |a A la contraportada hi ha una petita agenda d'activitats familiars | ||
| 655 | 0 | |9 54934 |a Llibretes | |
| 942 | |2 udc |c ARXIU |n 1 | ||
| 952 | |0 0 |1 0 |2 udc |4 0 |6 NBM176 |7 1 |9 65975 |a Arxiu |b Arxiu |d 2023-04-04 |l 0 |o NBM-17-6 |p 27664 |r 2023-04-04 00:00:00 |w 2023-04-04 |y ARXIU | ||
| 999 | |c 83322 |d 83322 | ||